| Tag |
First Indicator |
Second Indicator |
Subfields |
| LEADER |
00000cam a2200000 i 4500 |
| 001 |
in00003889331 |
| 005 |
20211120182525.0 |
| 006 |
m o d f |
| 007 |
cr mn||||||||| |
| 008 |
140929s1951 dcuabf ob f011 0 eng c |
| 035 |
|
|
|a (OCoLC)ocn891598647
|
| 040 |
|
|
|a COP
|b eng
|e rda
|e pn
|c COP
|d OCLCO
|d GPO
|d MvI
|d UtOrBLW
|
| 042 |
|
|
|a pcc
|
| 043 |
|
|
|a n-us-ut
|
| 049 |
|
|
|a WWW
|
| 074 |
|
|
|a 0624 (online)
|
| 086 |
0 |
|
|a I 19.16:226
|
| 100 |
1 |
|
|a Gregory, Herbert E.
|q (Herbert Ernest),
|d 1869-1952,
|e author.
|0 http://id.loc.gov/authorities/names/n93057536
|
| 245 |
1 |
4 |
|a The geology and geography of the Paunsaugunt region, Utah /
|c by Herbert E. Gregory.
|
| 264 |
|
1 |
|a Washington :
|b United States Department of the Interior, Geological Survey,
|c 1951.
|
| 300 |
|
|
|a 1 online resource (v, 116 pages) :
|b illustrations, maps +
|e 4 plates.
|
| 336 |
|
|
|a text
|b txt
|2 rdacontent
|
| 337 |
|
|
|a computer
|b c
|2 rdamedia
|
| 338 |
|
|
|a online resource
|b cr
|2 rdacarrier
|
| 490 |
1 |
|
|a Geological Survey professional paper ;
|v 226
|
| 500 |
|
|
|a Title from title screen (viewed September 29, 2014).
|
| 500 |
|
|
|a "A survey of parts of Garfield and Kane Counties."
|
| 504 |
|
|
|a Includes bibliographical references (pages 113-114) and index.
|
| 650 |
|
0 |
|a Geology
|z Utah
|z Garfield County.
|
| 650 |
|
0 |
|a Geology
|z Utah
|z Kane County.
|
| 650 |
|
0 |
|a Physical geography
|z Utah
|z Garfield County.
|
| 650 |
|
0 |
|a Physical geography
|z Utah
|z Kane County.
|
| 651 |
|
0 |
|a Paunsaugunt Plateau (Utah)
|0 http://id.loc.gov/authorities/subjects/sh99005008
|
| 710 |
2 |
|
|a Geological Survey (U.S.),
|e issuing body.
|0 http://id.loc.gov/authorities/names/n80092173
|
| 776 |
0 |
8 |
|i Print version:
|a Gregory, Herbert E. (Herbert Ernest), 1869-1952.
|t Geology and geography of the Paunsaugunt region, Utah
|w (DLC)gs 51000135
|w (OCoLC)4032509
|
| 830 |
|
0 |
|a Geological Survey professional paper ;
|v 226.
|0 http://id.loc.gov/authorities/names/n42012105
|
| 856 |
4 |
0 |
|u https://purl.fdlp.gov/GPO/gpo84080
|t 0
|
| 999 |
f |
f |
|s d59f44a8-fab2-3ad9-b40f-62b5edddac36
|i f20c8cdb-2e2d-3294-a64b-e791e496948b
|t 0
|
| 952 |
f |
f |
|a Texas A&M University
|b College Station
|c Electronic Resources
|d Available Online
|t 0
|e I 19.16:226
|h Superintendent of Documents classification
|
| 998 |
f |
f |
|a I 19.16:226
|t 0
|l Available Online
|